| 000 | 01368cam a2200349 i 4500 | ||
|---|---|---|---|
| 001 | 24087 | ||
| 003 | Mx-PuUPA | ||
| 005 | 20250429111900.0 | ||
| 008 | 140415s1992 mx gr 001 0 spa d | ||
| 040 |
_aMx-PuUPA _bspa _cMx-PuUPA _dMx-PuUPA _erda |
||
| 041 | 0 | _aspa | |
| 043 | _an-mx--- | ||
| 245 | 1 | 0 |
_aReligiosidad y política en México / _b _cCarlos Martínez Assad, coordinador ; James V. Spickard, Otto Maduro, Martha Eugenia García Ugarte [y otros 12], autores |
| 264 | 1 |
_aMéxico, D.F. : _bUniversidad Iberoamericana, _c1992 |
|
| 300 |
_a375 páginas ; _c21 cm |
||
| 336 |
_2rdacontent _atexto _btxt |
||
| 337 |
_2rdamedia _asin medio _bn |
||
| 338 |
_2rdacarrier _avolumen _bnc |
||
| 490 | 0 |
_aCuadernos de cultura y religión ; _v2 |
|
| 650 | 7 |
_2armarc _aCristianismo y política _zMéxico _xCongresos |
|
| 650 | 7 |
_2armarc _aSecularismo _zMéxico _xCongresos |
|
| 650 | 7 |
_2armarc _aTeología de la liberación _xCongresos |
|
| 651 |
_aMéxico _xVida religiosa y costumbres _xCongresos |
||
| 700 | 1 |
_aMartínez Assad, Carlos, _ecoordinador |
|
| 700 | 1 |
_aSpickard, James V., _eautor |
|
| 700 | 1 |
_aMaduro, Otto, _eautor |
|
| 700 | 1 |
_aGarcía Ugarte, Marta Eugenia, _eautor |
|
| 942 |
_2ddc _cLI _h261.70972 _iR8 |
||
| 999 |
_c24087 _d24087 |
||